00855namaa22001571 4500001000700000003000900007005001700016008004100033100004600074245017200120260006600292300002100358500013400379700004600513852013800559174006ES-MaACL20230906215419.0100205s1905 sp r |||| | spa d1 aÁlvarez Quintero, Serafín,d1871-193813aLa aventura de los galeotes b: adaptación escénica del cap. XXII de la primera parte de Don Quijote de la Mancha / cpor Serafín y Joaquín Álvarez Quintero. aMadrid : bSociedad General de Autores, c1905 (fR. Velasco) a19 p. ; c20 cm. aEn port.: Representada en el teatro Real el 10 de mayo de 1905, con ocación del III Centenario de la publicación del Quijote.1 aÁlvarez Quintero, Joaquín,d1873-1944 aES-MaACLjF-8644(1) z.- Enc. hol. z.- Enc. en un vol. facticio formando parte de la col. facticia "Teatro español moderno" v. 101